Normal view MARC view

Entry Topical Term

Number of records used in: 1

001 - CONTROL NUMBER

  • control field: 273

003 - CONTROL NUMBER IDENTIFIER

  • control field: csc

005 - DATE AND TIME OF LATEST TRANSACTION

  • control field: 20140507162049.0

008 - FIXED-LENGTH DATA ELEMENTS

  • fixed length control field: 110204|||a|||||| | ||| d

040 ## - CATALOGING SOURCE

  • Original cataloging agency: csc
  • Transcribing agency: csc

150 ## - HEADING--TOPICAL TERM

  • Topical term or geographic name entry element: Poor
  • General subdivision: Fiction.

670 ## - SOURCE DATA FOUND

  • Source citation: Work cat.: (csc)176: O'Brien, Flann, 1911-1966. 462, The poor mouth (An béal bocht);, [1973]